Economics of growth, inequality, institutions and development : (Record no. 101160)

MARC details
000 -LEADER
fixed length control field 00679nam a22002057a 4500
005 - DATE AND TIME OF LATEST TRANSACTION
control field 20160801111259.0
010 ## - LCCN (DPL NO)
LC control number ENG-115377
020 ## - INTERNATIONAL STANDARD BOOK NUMBER
International Standard Book Number 9380574665
Terms of availability 1595.00
020 ## - INTERNATIONAL STANDARD BOOK NUMBER
International Standard Book Number 9789380574660
Terms of availability 1595.00
035 ## - SYSTEM CONTROL NUMBER
System control number EN-98909
037 ## - SOURCE OF ACQUISITION
Source of stock number/acquisition DBAD/PUB
082 ## - DEWEY DECIMAL CLASSIFICATION NUMBER
Classification number 338.954
245 ## - TITLE STATEMENT
Title Economics of growth, inequality, institutions and development :
Remainder of title reforms,social capital,inclusion and distribution /
Statement of responsibility, etc edited by Lakshmanasamy,T.
260 ## - PUBLICATION, DISTRIBUTION, ETC. (IMPRINT)
Place of publication, distribution, etc Delhi
Name of publisher, distributor, etc Bookwell
Date of publication, distribution, etc 2016
270 ## - ADDRESS
Address 3/79,Nirankari Colony
City Delhi
Postal code 110009
300 ## - PHYSICAL DESCRIPTION
Extent xvi,453p.
Dimensions 24cm(Hb)
500 ## - GENERAL NOTE
General note Includes references
700 ## - ADDED ENTRY--PERSONAL NAME
Personal name Lakshmanasamy,T.
942 ## - ADDED ENTRY ELEMENTS (KOHA)
Source of classification or shelving scheme Dewey Decimal Classification
Item type English Books
Classification part 338.954
Call number suffix ECO
Holdings
Withdrawn status Lost status Not for loan Collection code Home library Current library Date acquired Source of acquisition Cost, normal purchase price Full call number Barcode Copy number Cost, replacement price Koha item type
    Not For Loan Non-fiction D.B.Act.Division D.B.Act.Division 05/07/2016 DBAD/PUB 1595.00 338.954 ECO EN-98909 1 1595.00 English Books

© Delhi Public Library
Hit Counter
free hit counter